000 00561nam a2200217Ia 4500
003 OSt
005 20220923230805.0
006 a|||||r|||| 00| 0
007 ta
008 Pun
024 _a305,552
037 _cTextual
040 _aARTS
_cARTS
_bPun
041 _2Pun
_aPun
082 _aR4341, 153L7
100 _aਖ਼ੁਲ, ਤਰਲੋਕ ਸਿੰਘ
_9156315
245 0 _aਦਿਲ ਪਰਚਾਵਾ
260 _c1977
942 _hR4341, 153L7
_cTEXL
_2CC
999 _c387344
_d387344